[Event "Rheinhessen-ch U16/U18"]
[Site "Heidesheim"]
[Date "2014.01.07"]
[Round "3"]
[White "Lahr, Dirk"]
[Black "Hartig, Chris"]
[Result "1/2-1/2"]
[WhiteElo "1142"]
[BlackElo "1087"]
[PlyCount "78"]
[EventDate "2014.01.07"]
[EventType "swiss"]
[EventRounds "7"]
[EventCountry "GER"]
[SourceTitle "EXT 2015"]
[Source "ChessBase"]
[SourceDate "2014.11.20"]
[SourceVersion "1"]
[SourceVersionDate "2014.11.20"]
[SourceQuality "1"]

1. d4 d5 2. Nf3 Nf6 3. c4 e6 4. Nc3 Bb4 5. a3 Ba5 6. Bg5 c6 7. cxd5 exd5 8. e3 Bg4 9. h3 Bh5 10. Be2 0-0 11. 0-0 Nbd7 12. Ne5 Bxe2 13. Qxe2 Kh8 14. Bxf6 Nxf6 15. b4 Bc7 16. b5 Qd6 17. bxc6 bxc6 18. Qa6 Nd7 19. Qxc6 Nxe5 20. Qxd6 Bxd6 21. dxe5 Bxe5 22. Rac1 d4 23. exd4 Bxd4 24. Nb5 Bb6 25. a4 a5 26. Rc6 Rab8 27. Ra1 Bd8 28. Kf1 f5 29. Re1 g6 30. Nd4 Bg5 31. Ne6 Rf6 32. Re5 Bd2 33. Rb5 Re8 34. Rbb6 Bb4 35. f3 Kg8 36. Nf4 Rxc6 37. Rxc6 Bd2 38. Nd3 f4 39. Rd6 g5 1/2-1/2